00313nam a2200121Ia 4500008004100000100002800041245003600069260003000105300001000135650002400145942000700169999001500176190216s9999||||xx |||||||||||||| ||und|| aSony Pl & Dharmarha 0aText Book Of Physical Chemistry bSulthan Chand&Sonsc1999 a2191p aChemistry-Chemistry cBK c2269d2269